| 000 | 00663nam a2200193 a 4500 | ||
|---|---|---|---|
| 003 | AM-YeHGA | ||
| 040 | _aAM-YeHGA | ||
| 090 | _c330124 | ||
| 005 | 20250617150314.0 | ||
| 008 | 131025s1925 ||| r 000 0 rus d | ||
| 041 | 0 | _arus | |
| 100 | 1 | _aГамкрелидзе, Л. | |
| 245 | 1 | 0 |
_aСостояние внутренней торговли Закавказья / _cЛ. Гамкрелидзе. |
| 260 |
_aТифлис : _bНаркомвнуторг ЗСФСР, _c1925. |
||
| 300 |
_a21 с. : _bтабл. |
||
| 651 | 4 |
_aЗакавказье _xТорговля |
|
| 653 | 0 | _aТорговля - Закавказье - История | |
| 942 |
_2udc _cBK |
||
| 999 |
_c328371 _d328371 |
||